书目信息 |
| 题名: |
继电器选型手册
|
|
| 作者: | 周秉功 主编 | |
| 分册: | ||
| 出版信息: | 北京 机械工业出版社 1998.09 |
|
| 页数: | 364页 | |
| 开本: | 26cm | |
| 丛书名: | ||
| 单 册: | ||
| 中图分类: | TM58-62 | |
| 科图分类: | ||
| 主题词: | 继电器 | |
| 电子资源: | ||
| ISBN: | 7-111-06770-3 | |
| 000 | 00552nam0 2200193 450 | |
| 001 | 0756259664 | |
| 005 | 20071220153932.56 | |
| 010 | @a7-111-06770-3@dCNY49.00 | |
| 100 | @a20071220d1998 km y0chiy0120 ea | |
| 101 | 0 | @achi |
| 102 | @aCN@b110000 | |
| 200 | 1 | @a继电器选型手册@Aji dian qi xuan xing shou ce@f周秉功主编@Fzhou bing gong zhu bian |
| 210 | @a北京@c机械工业出版社@d1998.09 | |
| 215 | @a364页@d26cm | |
| 606 | 0 | @a继电器 |
| 690 | @aTM58-62@v4 | |
| 701 | 0 | @a周秉功@Azhou bing gong@4主编 |
| 801 | 0 | @aCN@bPFT@c20071220 |
| 905 | @aBZT@dTM58-62@e1 | |
| 继电器选型手册/周秉功主编.-北京:机械工业出版社,1998.09 |
| 364页;26cm |
| ISBN 7-111-06770-3:CNY49.00 |
| ● |
| 相关链接 |
|
|
|
正题名:继电器选型手册
索取号:TM58-62/1
 
预约/预借
| 序号 | 登录号 | 条形码 | 馆藏地/架位号 | 状态 | 备注 |
| 1 | 17246 | 220001872 | 中心书库中库/ 中库029架A面2列2层53/ [索取号:TM58-62/1] | 在馆 |